| 000 -LEADER | |
|---|---|
| fixed length control field | 00406nam a22001697a 4500 |
| 005 - DATE AND TIME OF LATEST TRANSACTION | |
| control field | 20160630121823.0 |
| 008 - FIXED-LENGTH DATA ELEMENTS--GENERAL INFORMATION | |
| fixed length control field | 160630b xxu||||| |||| 00| 0 eng d |
| 020 ## - INTERNATIONAL STANDARD BOOK NUMBER | |
| ISBN | 978-81-219-3192-2 |
| 041 ## - LANGUAGE CODE | |
| Language code of text/sound track or separate title | eng |
| 082 ## - DEWEY DECIMAL CLASSIFICATION NUMBER | |
| Item number | 19715 |
| 100 ## - MAIN ENTRY--AUTHOR NAME | |
| Personal name | Alex Dr K |
| 245 ## - TITLE STATEMENT | |
| Title | Soft Skills |
| 260 ## - PUBLICATION, DISTRIBUTION, ETC. (IMPRINT) | |
| Place of publication | New Delhi |
| Name of publisher | Sultan Chand & Sons, |
| Year of publication | 2014 |
| 300 ## - PHYSICAL DESCRIPTION | |
| Number of Pages | 254 |
| 650 ## - SUBJECT ADDED ENTRY--TOPICAL TERM | |
| Topical Term | Diploma Engineering |
| 942 ## - ADDED ENTRY ELEMENTS (KOHA) | |
| Koha item type | Books |
| Lost status | Damaged status | Collection code | Home library | Current library | Shelving location | Date acquired | Source of acquisition | Cost, normal purchase price | Full call number | Accession Number | Koha item type |
|---|---|---|---|---|---|---|---|---|---|---|---|
| LIFE SKILL | JRU Library | JRU Library | SHELF-102-F | 30/06/2016 | PURCHESS | 495.00 | 650.1 | 19715 | Books | ||
| JRU Library | 30/06/2016 | PURCHESS | 495.00 | 650.1 | 19716 | Books | |||||
| LIFE SKILL | JRU Library | JRU Library | SHELF-102-F | 30/06/2016 | PURCHESS | 495.00 | 650.1 | 19717 | Books | ||
| Missing | JRU Library | 30/06/2016 | PURCHESS | 495.00 | 650.1 | 19718 | Books | ||||
| LIFE SKILL | JRU Library | JRU Library | SHELF-102-F | 30/06/2016 | PURCHESS | 495.00 | 650.1 | 19719 | Books | ||
| PHARMACY | JRU Library | JRU Library | 25/10/2017 | PURCHESS | 525.00 | 650.1 | 22161 | Books | |||
| LIFE SKILL | JRU Library | JRU Library | SHELF-102-F | 25/10/2017 | PURCHESS | 525.00 | 650.1 | 22162 | Books | ||
| LIFE SKILL | JRU Library | JRU Library | SHELF-102-F | 25/10/2017 | PURCHESS | 525.00 | 650.1 | 22163 | Books | ||
| LIFE SKILL | JRU Library | SHELF-102-F | 25/10/2017 | PURCHESS | 525.00 | 650.1 | 22164 | Books | |||
| LIFE SKILL | JRU Library | JRU Library | SHELF-102-F | 25/10/2017 | PURCHESS | 525.00 | 650.1 | 22165 | Books |